00858cam a2200205 a 450000100100000000500170001000800410002704000250006808200170009324500780011026000610018830000210024949000340027065000300030465000310033470000340036595201150039995201210051499900170063500001744920200929165122.0020921s1992 ck 000 0 spa d aDO-SdBNPbspadBNPHU a864.6bA527d00aAmérica :bde lo real maravilloso /cselección Mario Germán Romero. aSantafé de Bogotá :bInstituto Caro y Cuervo,c1992. a239 p. ;c20 cm.1 a"La Granada entreabierta"v62 4aEnsayos españoles93095 4aLiteratura española96321 aRomero, Mario Germán918394 001050718MOaGRbGRcHDd2010-03-24iLF1l0o864.6 A527dp17449-10r2020-06-25w2020-06-25y1ZNo se presta 001150718MOaGRbGRcMId2017-04-17iLF1l0o864.6 A527dp17449-20r2020-06-25te. 2w2020-06-25y1ZNo se presta c16974d16974